000 00531nam a2200205Ia 4500
003 OSt
005 20230325095712.0
008 210423s2008 xx 000 0 und d
020 _a9788173199127
040 _c23
041 _aeng
082 _a540.678
_223
_bPALS
100 _aPAL (S C).
_977776
245 _aNomenclature of organic compounds.
260 _aNew Delhi
_bNarosa Publishing House
_c2008
300 _axiii,158
_bPB
365 _b135
_cINR
906 _acompounds. ; Nomenclature ; organic
942 _2ddc
_cBK
999 _c153965
_d153965